000 00495nam a2200217Ia 4500
008 170711s9999 xx 000 0 und d
020 _a9788176937016
050 _a736.98
050 _bOr69 2010
245 _aOrigami :
245 _bmusic art dance /
260 _aNew Delhi :
260 _bBPI,
260 _c2010
300 _a24 pages :
300 _bcolor illustrations ;
300 _c29cm.
500 _aAs seen on pogo.
650 _aOrigami.
650 _aPaper folding.
999 _c339727
_d339727